000 00600nam a2200229Ia 4500
003 OSt
005 20221005124123.0
006 a|||||r|||| 00| 0
007 ta
008 221004b |||||||| |||| 00| 0 urd d
024 _a12753
037 _cTextual
040 _aCRL
_cCRL
_burd
041 _2urd
_aurd
082 _aQ7:25, 168D2.1-.4
100 _aQutubuddin Shaykh Muhammad Au.
_9634735
245 0 _aMazahir-e-Haq
260 _c1902
650 _aHADITH
942 _hQ7:25, 168D2.1-.4
_cTEXL
_2cc
999 _c1049530
_d1049530